[Event "European Blitz 2017"]
[Site "Katowice POL"]
[Date "2017.12.15"]
[Round "6.35"]
[White "Jaracz, Pawel"]
[Black "Kutynec, Vladimir"]
[Result "1-0"]
[WhiteTitle "GM"]
[BlackTitle "IM"]
[WhiteElo "2465"]
[BlackElo "2270"]
[WhiteFideId "1102222"]
[BlackFideId "4119843"]
[EventDate "2017.12.15"]
[EventType "blitz"]

1. e4 c5 2. Nf3 Nc6 3. Bb5 e5 4. c3 a6 5. Ba4 Bd6 6. O-O b5 7. Bb3 Nf6 8. Re1
O-O 9. h3 h6 10. d4 cxd4 11. cxd4 Qc7 12. Nc3 Re8 13. Nd5 Nxd5 14. exd5 Na5 15.
dxe5 Nxb3 16. exd6 Rxe1+ 17. Qxe1 Qxd6 18. Qe8+ Kh7 19. Qe4+ g6 20. axb3 Bb7 21.
Qh4 Bxd5 22. Qxh6+ Kg8 23. Ng5 Qf6 24. Be3 1-0

[Event "European Blitz 2017"]
[Site "Katowice POL"]
[Date "2017.12.15"]
[Round "6.36"]
[White "Piorun, Kacper"]
[Black "Konopka, Michal"]
[Result "1-0"]
[WhiteTitle "GM"]
[BlackTitle "IM"]
[WhiteElo "2651"]
[BlackElo "2381"]
[WhiteFideId "1130420"]
[BlackFideId "308633"]
[EventDate "2017.12.15"]
[EventType "blitz"]

1. d4 Nf6 2. Bf4 d6 3. Nc3 g6 4. e4 Bg7 5. Qd2 c6 6. Bh6 Bxh6 7. Qxh6 Qa5 8. Bd3
c5 9. dxc5 Qxc5 10. h3 Nc6 11. Nf3 Be6 12. a3 O-O-O 13. O-O Qh5 14. Qxh5 Nxh5
15. Nd5 Nf6 16. Nxf6 exf6 17. Rfe1 Rhe8 18. c3 a6 19. Bc2 d5 20. exd5 Bxd5 21.
Rxe8 Rxe8 22. Re1 Rxe1+ 23. Nxe1 f5 24. f4 Kd7 25. Kf2 Be4 26. Ke3 Bd5 27. b4 f6
28. g3 Kd6 29. Bd3 a5 30. Nc2 axb4 31. cxb4 Be6 32. Nd4 Nxd4 33. Kxd4 g5 34. a4
Bd7 35. a5 h6 36. b5 Be6 37. Bc4 Bc8 38. Bf1 Bd7 39. h4 Bc8 40. Bg2 Bd7 41. b6
Bc8 42. a6 bxa6 43. b7 Bxb7 44. Bxb7 a5 45. Bc8 a4 46. Bxf5 1-0

[Event "European Blitz 2017"]
[Site "Katowice POL"]
[Date "2017.12.15"]
[Round "6.37"]
[White "Rawicz, Karol"]
[Black "Meskovs, Nikita"]
[Result "0-1"]
[WhiteTitle "FM"]
[BlackTitle "GM"]
[WhiteElo "2164"]
[BlackElo "2538"]
[WhiteFideId "1141791"]
[BlackFideId "11602740"]
[EventDate "2017.12.15"]
[EventType "blitz"]

1. d4 Nf6 2. c4 e6 3. Nf3 b6 4. g3 Bb7 5. Bg2 Bb4+ 6. Bd2 c5 7. O-O O-O 8. Bxb4
cxb4 9. Nbd2 a5 10. a3 Na6 11. Qb3 d6 12. Rfd1 Qc7 13. Rac1 Rac8 14. e3 h6 15.
Ne1 Bxg2 16. Kxg2 Qc6+ 17. Kg1 a4 18. Qd3 b3 19. Rc3 e5 20. Ng2 Rfe8 21. Nh4 Nc7
22. Rdc1 e4 23. Qf1 Qd7 24. Ng2 Ne6 25. Nf4 Ng5 26. h4 Nf3+ 27. Nxf3 exf3 28. c5
Ne4 29. c6 Qf5 30. Rd3 g5 31. hxg5 hxg5 32. Nh3 Kg7 33. g4 0-1

[Event "European Blitz 2017"]
[Site "Katowice POL"]
[Date "2017.12.15"]
[Round "6.38"]
[White "Neiksans, Arturs"]
[Black "Lewicki, Miroslaw"]
[Result "0-1"]
[WhiteTitle "GM"]
[BlackTitle "CM"]
[WhiteElo "2590"]
[BlackElo "2404"]
[WhiteFideId "11601388"]
[BlackFideId "1113380"]
[EventDate "2017.12.15"]
[EventType "blitz"]

1. b3 Nf6 2. Bb2 e6 3. Nf3 d5 4. c4 c5 5. cxd5 exd5 6. g3 Nc6 7. Bg2 Be7 8. O-O
d4 9. e3 O-O 10. Na3 d3 11. Nc4 Be6 12. Rc1 Rc8 13. Nce5 Nxe5 14. Nxe5 b5 15.
Nc6 Qd7 16. Nxe7+ Qxe7 17. e4 c4 18. bxc4 Bxc4 19. a3 Nd7 20. f4 Nc5 21. e5 Na4
22. Ba1 Qxa3 23. Rb1 a6 24. f5 Qc5+ 25. Kh1 Bd5 26. Qg4 Bxg2+ 27. Kxg2 Qd5+ 28.
Kh3 Rc4 29. Rf4 Rxf4 30. gxf4 Qe4 31. Rg1 g6 32. Qg5 Qf3+ 33. Kh4 Nc5 34. Qh6
Qf2+ 35. Kh3 Qxg1 36. e6 Qxa1 0-1

[Event "European Blitz 2017"]
[Site "Katowice POL"]
[Date "2017.12.15"]
[Round "6.39"]
[White "Schwarz, Dusan"]
[Black "Warakomski, Tomasz"]
[Result "0-1"]
[BlackTitle "GM"]
[WhiteElo "2295"]
[BlackElo "2537"]
[WhiteFideId "14903890"]
[BlackFideId "1124552"]
[EventDate "2017.12.15"]
[EventType "blitz"]

1. d4 g6 2. c4 Bg7 3. Nc3 d6 4. e4 e5 5. dxe5 dxe5 6. Qxd8+ Kxd8 7. f4 Nd7 8.
Nf3 c6 9. fxe5 Nxe5 10. Bf4 Nxf3+ 11. gxf3 Ke7 12. O-O-O Bh6 13. Bxh6 Nxh6 14.
h4 f6 15. h5 g5 16. Rg1 Nf7 17. c5 Be6 18. Be2 h6 19. Rgf1 Rhd8 20. Rxd8 Rxd8
21. Rd1 Rf8 22. Kd2 Ne5 23. Ke3 Bf7 24. f4 gxf4+ 25. Kxf4 Rg8 26. b4 Rg5 27. Rh1
Nd7 28. Rh3 Nf8 29. Bg4 Ne6+ 30. Bxe6 Bxe6 31. Rh2 Bf7 32. Nd1 Rxh5 33. Rd2 Rh4+
34. Ke3 Rh3+ 35. Kf4 Ra3 36. Ne3 Be6 37. Rh2 Rxa2 38. Rxh6 b6 39. Rh7+ Kf8 40.
Nf5 bxc5 41. bxc5 Ra5 42. Nd4 Bf7 43. Nxc6 Rxc5 44. Nxa7 Kg8 45. Rh2 Bg6 46. Rg2
Kh7 47. Rb2 Rc4 48. Rb7+ Kh6 49. Nb5 Rxe4+ 50. Kf3 Rb4 51. Nd6 Be4+ 52. Nxe4 0-1

[Event "European Blitz 2017"]
[Site "Katowice POL"]
[Date "2017.12.15"]
[Round "6.40"]
[White "Heberla, Bartlomiej"]
[Black "Bednarek, Sylwester"]
[Result "1/2-1/2"]
[WhiteTitle "GM"]
[BlackTitle "FM"]
[WhiteElo "2555"]
[BlackElo "2307"]
[WhiteFideId "1115120"]
[BlackFideId "1101811"]
[EventDate "2017.12.15"]
[EventType "blitz"]

1. e4 e6 2. d4 d5 3. Bd3 dxe4 4. Bxe4 Nf6 5. Bf3 c5 6. Ne2 Nc6 7. Be3 cxd4 8.
Nxd4 Ne5 9. Nc3 a6 10. Be2 Qc7 11. O-O Be7 12. Bf4 Nf3+ 13. Bxf3 Qxf4 14. Nc6
Qc7 15. Nxe7 Qxe7 16. Qd4 O-O 17. Rad1 Qc7 18. Qd6 Qxd6 19. Rxd6 Rb8 20. Rfd1 b5
21. Ne2 g5 22. Nd4 Kg7 23. Nc6 Rb6 24. Ne5 Rb8 25. b4 h5 26. g3 g4 27. Bg2 Ng8
28. Nd3 Ne7 29. Nc5 Nf5 30. R6d3 Rb6 31. Rd8 Ne7 32. Rxf8 Kxf8 33. Rd8+ Kg7 34.
Re8 Nc6 35. Rxc8 Nxb4 36. a3 Nxc2 37. Nxe6+ Rxe6 38. Rxc2 a5 39. Bf1 b4 40. axb4
axb4 41. Rc5 Kh6 42. Rb5 Re4 43. Kg2 Rd4 44. Be2 Kg6 45. Kf1 f5 46. Kg2 Kf6 47.
Rb6+ Kg5 48. Ba6 h4 49. gxh4+ Kxh4 50. Rb8 f4 51. Rh8+ Kg5 52. Rg8+ Kh4 53. Rh8+
Kg5 54. Bc8 f3+ 55. Kg3 b3 56. Rg8+ Kf6 57. Bxg4 Rb4 58. Rf8+ Kg7 59. Rxf3 b2
60. Bf5 b1=Q 61. Bxb1 Rxb1 62. h4 Kg6 63. Ra3 Rb6 64. Kg4 Rb4+ 65. f4 Rb6 66.
Ra5 Rc6 67. h5+ Kh6 68. Ra8 Rb6 69. Rf8 Ra6 70. Rg8 Rb6 71. Rg5 Ra6 72. Kf5 Ra5+
73. Kg4 Ra6 74. Re5 Rb6 75. f5 Rb4+ 76. Kf3 Kxh5 77. Re4 Rb1 78. Kf4 Rf1+ 79.
Ke5 Kg5 1/2-1/2

[Event "European Blitz 2017"]
[Site "Katowice POL"]
[Date "2017.12.15"]
[Round "6.41"]
[White "Paszewski, Mateusz"]
[Black "Zelbel, Patrick"]
[Result "1/2-1/2"]
[WhiteTitle "FM"]
[BlackTitle "IM"]
[WhiteElo "2307"]
[BlackElo "2456"]
[WhiteFideId "1141058"]
[BlackFideId "24624322"]
[EventDate "2017.12.15"]
[EventType "blitz"]

1. e4 e5 2. Nf3 Nc6 3. Bc4 Nf6 4. d3 Bc5 5. O-O O-O 6. h3 h6 7. Re1 a6 8. a4 d6
9. c3 Ba7 10. Nbd2 Re8 11. b4 Be6 12. Bxe6 Rxe6 13. Nb3 Re8 14. Qc2 Ne7 15. c4
Ng6 16. b5 axb5 17. axb5 Bc5 18. Bd2 Qe7 19. Rxa8 Rxa8 20. Ra1 Qd8 21. Qc3 Nd7
22. Rxa8 Qxa8 23. Qa5 Qxa5 24. Nxa5 b6 25. Nc6 Kf8 26. Kf1 Ne7 27. Nxe7 Kxe7 28.
Nh4 h5 29. g4 hxg4 30. hxg4 g6 31. Nf3 Nf8 32. Ke2 Ne6 33. Be3 Kd7 34. Kd2 Bb4+
35. Kc2 Bc5 36. Kd2 Bb4+ 37. Kc2 Bc5 38. Kd2 1/2-1/2

[Event "European Blitz 2017"]
[Site "Katowice POL"]
[Date "2017.12.15"]
[Round "6.42"]
[White "Dziuba, Marcin"]
[Black "Cherepov, Alexej"]
[Result "1-0"]
[WhiteTitle "GM"]
[WhiteElo "2584"]
[BlackElo "2156"]
[WhiteFideId "1112953"]
[BlackFideId "13503650"]
[EventDate "2017.12.15"]
[EventType "blitz"]

1. d4 d5 2. c4 dxc4 3. e3 Be6 4. Nf3 c6 5. Qc2 Nf6 6. Bxc4 Bxc4 7. Qxc4 Qa5+ 8.
Nc3 Qa6 9. b3 e6 10. O-O Be7 11. Bb2 O-O 12. Rfd1 Rd8 13. a4 Nd5 14. e4 Nb6 15.
Qe2 Qxe2 16. Nxe2 a5 17. Bc3 N8d7 18. Nf4 Nf6 19. Re1 h6 20. Rad1 Nbd7 21. h3
Ra6 22. Nd2 Rda8 23. Rc1 Ba3 24. Rc2 Rb6 25. Rb1 Rba6 26. f3 Be7 27. Kf1 g5 28.
Nd3 h5 29. Nc4 h4 30. Rd1 Nh5 31. Be1 Kg7 32. Bf2 Rd8 33. Rcd2 Raa8 34. Nc5 Nxc5
35. dxc5 Nf4 36. Be3 Rxd2 37. Rxd2 Ng6 38. Rd7 Ra7 39. Bd4+ Kf8 40. Rc7 Ke8 41.
Rc8+ Kd7 42. Nb6# 1-0

[Event "European Blitz 2017"]
[Site "Katowice POL"]
[Date "2017.12.15"]
[Round "6.43"]
[White "Gajewski, Grzegorz"]
[Black "Masternak, Grzegorz"]
[Result "1-0"]
[WhiteTitle "GM"]
[BlackTitle "IM"]
[WhiteElo "2601"]
[BlackElo "2330"]
[WhiteFideId "1116207"]
[BlackFideId "1100505"]
[EventDate "2017.12.15"]
[EventType "blitz"]

1. Nf3 d5 2. d4 Nf6 3. Bf4 c5 4. e3 Nc6 5. Nbd2 Bf5 6. dxc5 e6 7. Nb3 Nd7 8.
Nfd4 Bg6 9. Nxc6 bxc6 10. Qd4 f6 11. Qa4 e5 12. Bg3 Qc7 13. c4 Bf7 14. Rc1 Be7
15. cxd5 Bxd5 16. e4 Bf7 17. Bc4 O-O 18. O-O Rab8 19. f3 Nxc5 20. Bxf7+ 1-0

[Event "European Blitz 2017"]
[Site "Katowice POL"]
[Date "2017.12.15"]
[Round "6.45"]
[White "Medarde Santiago, Luis Marcos"]
[Black "Zelcic, Robert"]
[Result "0-1"]
[WhiteTitle "FM"]
[BlackTitle "GM"]
[WhiteElo "2350"]
[BlackElo "2501"]
[WhiteFideId "2263076"]
[BlackFideId "14500310"]
[EventDate "2017.12.15"]
[EventType "blitz"]

1. e4 c6 2. Nc3 d5 3. Nf3 Bg4 4. h3 Bh5 5. Be2 e6 6. d4 dxe4 7. Nxe4 Nd7 8. O-O
Ngf6 9. Bg5 Be7 10. Nxf6+ Nxf6 11. c3 h6 12. Bf4 Bd6 13. Ne5 Bxe2 14. Qxe2 O-O
15. Nd3 Bxf4 16. Nxf4 Qc7 17. Qe5 Qb6 18. Nd3 Rad8 19. Qc5 Nd7 20. Qxb6 axb6 21.
a3 b5 22. Rad1 Nb6 23. Nc5 Rb8 24. Rfe1 Rfd8 25. Re2 Nd7 26. Nxd7 Rxd7 27. Rde1
Rd5 28. Re5 Rd7 29. f4 Rbd8 30. R1e2 g6 31. g4 Rd5 32. Kg2 Kg7 33. Kf3 b6 34.
Rxd5 Rxd5 35. Re5 Rd7 36. h4 Kf6 37. h5 Ke7 38. hxg6 fxg6 39. f5 gxf5 40. gxf5
Rd6 41. fxe6 Rxe6 42. Rh5 Rg6 43. Ke4 Kd6 44. Rh1 Kc7 45. Kf5 Rg5+ 46. Ke6 Rg6+
47. Kf5 Rg2 48. Rxh6 Rxb2 49. Ke6 Re2+ 50. Kf5 Re3 51. Rh7+ Kd6 52. Rb7 Rxc3 53.
Rxb6 Rxa3 54. Ke4 Ra4 55. Kd3 Kd5 56. Rb8 Rxd4+ 57. Kc3 Rh4 58. Rd8+ Kc5 59. Rg8
Rh3+ 60. Kc2 b4 61. Rg4 Kb5 62. Kb2 c5 63. Rg6 Rh2+ 64. Ka1 Ka4 65. Rg3 c4 66.
Rg8 c3 67. Kb1 Kb3 68. Rg1 Rb2+ 69. Ka1 Ra2+ 70. Kb1 c2+ 0-1

[Event "European Blitz 2017"]
[Site "Katowice POL"]
[Date "2017.12.15"]
[Round "6.46"]
[White "Kislinsky, Alexey"]
[Black "Narva, Mai"]
[Result "1-0"]
[WhiteTitle "GM"]
[BlackTitle "WIM"]
[WhiteElo "2513"]
[BlackElo "2211"]
[WhiteFideId "14108801"]
[BlackFideId "4500512"]
[EventDate "2017.12.15"]
[EventType "blitz"]

1. e4 c5 2. c3 g6 3. d4 cxd4 4. Nf3 Bg7 5. Bc4 e6 6. O-O Ne7 7. Bb3 O-O 8. cxd4
d5 9. e5 Nbc6 10. Nc3 f6 11. exf6 Bxf6 12. Bh6 Re8 13. Bg5 Bg7 14. Re1 Qc7 15.
Nb5 Qd7 16. Bf4 Rf8 17. Bg3 Nf5 18. Ba4 Nxg3 19. hxg3 a6 20. Nc3 b5 21. Bb3 Qf7
22. Qd2 h6 23. Re2 Bd7 24. Rae1 Rae8 25. Nd1 Qf6 26. Ne5 Nxe5 27. dxe5 Qe7 28.
Ne3 g5 29. Bc2 Rc8 30. Bb1 Be8 31. Qd3 Bh8 32. Ng4 Qg7 33. Nf6+ Kf7 34. Re3 Ke7
35. Qa3+ Kd8 36. Qd6+ Bd7 37. Nxd7 1-0

[Event "European Blitz 2017"]
[Site "Katowice POL"]
[Date "2017.12.15"]
[Round "6.47"]
[White "Mazurkiewicz, Michal"]
[Black "Fedorchuk, Sergey A."]
[Result "0-1"]
[BlackTitle "GM"]
[WhiteElo "2215"]
[BlackElo "2648"]
[WhiteFideId "1124943"]
[BlackFideId "14102536"]
[EventDate "2017.12.15"]
[EventType "blitz"]

1. e4 c5 2. Nf3 e6 3. d4 cxd4 4. Nxd4 a6 5. g3 b5 6. Bg2 Bb7 7. O-O d6 8. a4
bxa4 9. Rxa4 Nd7 10. Nc3 Nc5 11. Ra2 Qc7 12. Re1 Nf6 13. Bg5 Be7 14. Qa1 O-O 15.
b4 Ncd7 16. b5 axb5 17. Ndxb5 Rxa2 18. Qxa2 Qc6 19. Rd1 h6 20. Be3 Ra8 21. h3
Ne5 22. Ba7 Nc4 23. Qa4 Nxe4 24. Nxe4 0-1

[Event "European Blitz 2017"]
[Site "Katowice POL"]
[Date "2017.12.15"]
[Round "6.48"]
[White "Stupak, Kirill"]
[Black "Kowalczyk, Mariusz"]
[Result "1-0"]
[WhiteTitle "GM"]
[WhiteElo "2588"]
[BlackElo "2038"]
[WhiteFideId "13503758"]
[BlackFideId "1126202"]
[EventDate "2017.12.15"]
[EventType "blitz"]

1. d4 Nf6 2. g3 g6 3. Bg2 Bg7 4. e4 d6 5. Nc3 c6 6. Nge2 Nbd7 7. O-O O-O 8. a4
e5 9. h3 Re8 10. Be3 Qc7 11. a5 Nf8 12. Qd2 Ne6 13. Kh2 Bd7 14. Rfd1 Rad8 15.
dxe5 dxe5 16. Bxa7 Bc8 17. Qe1 Rxd1 18. Qxd1 c5 19. Bb6 Qc6 20. Nd5 Ng5 21. Nec3
h5 22. Qd2 Bh6 23. Qe2 Kg7 24. Rd1 Bd7 25. Nxf6 Kxf6 26. f4 Ne6 27. fxe5+ Kg7
28. Rd6 Qc8 29. Nd5 Nd4 30. Qf2 Be6 31. Qf6+ Kh7 32. c3 Bg7 33. Qf1 Bxe5 34.
Nf6+ Bxf6 35. Qxf6 Nb5 36. Rd2 Nc7 37. Bxc5 1-0

[Event "European Blitz 2017"]
[Site "Katowice POL"]
[Date "2017.12.15"]
[Round "6.49"]
[White "Schneider, Ilja"]
[Black "Shubin, Kirill"]
[Result "1-0"]
[WhiteTitle "IM"]
[BlackTitle "FM"]
[WhiteElo "2517"]
[BlackElo "2287"]
[WhiteFideId "4663306"]
[BlackFideId "34119962"]
[EventDate "2017.12.15"]
[EventType "blitz"]

1. d4 e6 2. e4 d5 3. Bd3 Be7 4. Nf3 dxe4 5. Bxe4 Nf6 6. Bd3 b6 7. Bf4 Bb7 8.
Nbd2 Nc6 9. c3 h6 10. Qe2 Nb8 11. O-O Nbd7 12. Rad1 Nd5 13. Bg3 N7f6 14. Ne5 O-O
15. Rfe1 Qc8 16. a3 c5 17. c4 Nc7 18. dxc5 Bxc5 19. b4 Be7 20. Ne4 Rd8 21. Bb1
Rxd1 22. Rxd1 Nxe4 23. Bxe4 Bxe4 24. Qxe4 Ne8 25. Nc6 Bf6 26. Be5 Qb7 27. Bxf6
Nxf6 28. Ne7+ Qxe7 29. Qxa8+ Kh7 30. Qf3 Qc7 31. Qd3+ g6 32. Qd4 Kg7 33. c5 bxc5
34. bxc5 e5 35. Qd6 Qa5 36. c6 e4 1-0

[Event "European Blitz 2017"]
[Site "Katowice POL"]
[Date "2017.12.15"]
[Round "6.50"]
[White "Szadkowski, Kamil"]
[Black "Fedorov, Alexei"]
[Result "0-1"]
[BlackTitle "GM"]
[WhiteElo "2291"]
[BlackElo "2573"]
[WhiteFideId "1123203"]
[BlackFideId "13500465"]
[EventDate "2017.12.15"]
[EventType "blitz"]

1. e4 c5 2. Nf3 Nc6 3. d4 cxd4 4. Nxd4 Qb6 5. Nb3 Nf6 6. Nc3 e6 7. Qf3 a6 8. Bd2
Be7 9. O-O-O O-O 10. Qg3 d6 11. f4 Qc7 12. Bd3 b5 13. Rhe1 Nb4 14. e5 Nxd3+ 15.
Qxd3 dxe5 16. fxe5 Nd7 17. Bf4 b4 18. Ne4 a5 19. Nd4 Nc5 20. Nxc5 Bxc5 21. Nb5
Qc6 22. Nd6 Qxg2 23. Ne4 Ba7 24. Rd2 Qg6 25. Qf3 Bb7 26. Rg2 Qf5 27. Qg3 Qg6 28.
Qh3 Bxe4 29. Rxg6 Bxg6 30. Be3 Rfc8 31. Re2 a4 32. Bxa7 Rxa7 33. Qe3 Rac7 34.
Qb6 Bxc2 35. Kd2 b3 36. axb3 axb3 37. Re3 h6 38. Rc3 Rd7+ 39. Ke3 Rxc3+ 40. bxc3
Rd3+ 41. Ke2 Rxc3 42. Kd2 Rh3 43. Qd8+ Kh7 44. Qe7 Bf5 45. Qb7 b2 0-1

[Event "European Blitz 2017"]
[Site "Katowice POL"]
[Date "2017.12.15"]
[Round "6.51"]
[White "Slabek, Grzegorz"]
[Black "Ladva, Ottomar"]
[Result "0-1"]
[BlackTitle "GM"]
[WhiteElo "1956"]
[BlackElo "2522"]
[WhiteFideId "1105531"]
[BlackFideId "4500024"]
[EventDate "2017.12.15"]
[EventType "blitz"]

1. Nf3 d5 2. d4 Nf6 3. e3 e6 4. Be2 c5 5. O-O Be7 6. dxc5 Bxc5 7. a3 a5 8. b3
O-O 9. Bb2 Nc6 10. Nbd2 Re8 11. c4 dxc4 12. Nxc4 Qe7 13. Nce5 Nxe5 14. Nxe5 Nd7
15. Bb5 Rd8 16. Nxd7 Bxd7 17. Bxd7 Rxd7 18. Qc2 Rad8 19. Qc3 f5 20. Qxa5 h5 21.
Rac1 Rd5 22. Qc3 Bd6 23. Qc4 Be5 24. Bxe5 Rxe5 25. b4 Rd2 26. Qc7 Qxc7 27. Rxc7
b5 28. g3 Red5 29. Rc6 Kf7 30. Rfc1 Ra2 31. Rc7+ Kf6 32. R7c5 Rdd2 33. Rf1 Rxa3
34. Rxb5 g5 35. Rb8 Rb3 36. Rh8 Kg6 37. Re8 Kf7 38. Rh8 Kg6 39. Re8 Rd6 40. Rg8+
Kf6 41. Rb8 Rb2 42. h3 Rd5 43. Kg2 Rd3 44. Rh8 Rxe3 45. Rxh5 Reb3 46. Rh6+ Kf7
47. Rh7+ Kg6 48. Re7 Kf6 49. Rb7 Rxb4 50. Rxb4 Rxb4 51. Rd1 Rb6 52. Rc1 e5 53.
Rc2 e4 54. f3 Ke5 55. g4 f4 56. fxe4 Kxe4 57. Rc4+ Ke3 58. Rc3+ Kd4 59. Rc2 Rb3
60. Ra2 Ke3 61. Rc2 Rd3 62. Ra2 Rb3 63. Rc2 Ra3 64. Rb2 Rd3 65. Ra2 Rc3 66. Rb2
Ke4 67. Rb4+ Kd3 68. Rb5 Ke2 69. Re5+ Re3 70. Rxg5 f3+ 71. Kh2 f2 72. Rf5 f1=Q
73. Rxf1 Kxf1 74. g5 Kf2 75. h4 Kf3 76. g6 Kg4 77. g7 Re8 0-1

[Event "European Blitz 2017"]
[Site "Katowice POL"]
[Date "2017.12.15"]
[Round "6.55"]
[White "Arnaudov, G. Petar"]
[Black "Gumula, Daniel"]
[Result "0-1"]
[WhiteTitle "GM"]
[BlackTitle "FM"]
[WhiteElo "2439"]
[BlackElo "2218"]
[WhiteFideId "2907127"]
[BlackFideId "1123122"]
[EventDate "2017.12.15"]
[EventType "swiss"]

1. Nf3 e6 2. c4 Nf6 3. g3 b6 4. Bg2 Bb7 5. O-O Be7 6. Nc3 O-O 7. Re1 Bb4 8. Qc2
Na6 9. a3 Bxc3 10. Qxc3 Nc5 11. b4 Nce4 12. Qc2 d5 13. d3 Nd6 14. c5 Nf5 15. Bb2
d4 16. Nxd4 Nxd4 17. Bxd4 Qxd4 18. Bxb7 Rab8 19. e3 Qg4 20. Bg2 a5 21. d4 h5 22.
Rac1 h4 23. h3 Qg5 24. g4 e5 25. Qf5 Qxf5 26. gxf5 exd4 27. exd4 Rfd8 28. Rcd1
Nd5 29. Re5 Nc3 30. Rc1 Nb5 31. d5 Nxa3 32. bxa5 bxa5 33. Re7 Nb5 34. Ra1 Kf8
35. Re3 Nd4 36. Rxa5 Nxf5 37. Re1 Ne7 38. Rd1 Nc6 39. Ra4 Rb4 40. Rxb4 Nxb4 41.
Rd4 Na6 42. d6 cxd6 43. cxd6 Nc5 44. Bc6 Ne6 45. Rd2 Nf4 46. Kh2 f6 47. d7 Ke7
48. Rd4 g5 49. Re4+ Kd6 50. Re8 Ne6 51. Ba4 0-1

[Event "European Blitz 2017"]
[Site "Katowice POL"]
[Date "2017.12.15"]
[Round "6.56"]
[White "Semjonovs, Ilja"]
[Black "Kazakovskiy, Valeriy"]
[Result "0-1"]
[BlackTitle "IM"]
[WhiteElo "2233"]
[BlackElo "2422"]
[WhiteFideId "11604263"]
[BlackFideId "13507443"]
[EventDate "2017.12.15"]
[EventType "blitz"]

1. d4 Nf6 2. Nf3 e6 3. Bg5 h6 4. Bxf6 Qxf6 5. e3 d6 6. Bd3 c6 7. c3 Nd7 8. Nbd2
e5 9. Qc2 Qe7 10. O-O-O b5 11. dxe5 dxe5 12. Be4 Bb7 13. Bf5 Nb6 14. Ne4 Qc7 15.
Bh3 Be7 16. Rd2 O-O 17. Ng3 g6 18. Qe4 Bf6 19. Rhd1 c5 20. Qg4 Rad8 21. Rxd8
Rxd8 22. Rxd8+ Bxd8 23. Nd2 Bc8 24. Qe4 f5 25. Qc2 c4 26. Ne2 Bb7 27. e4 f4 28.
g3 fxg3 29. hxg3 Kg7 30. f4 Bf6 31. Nf3 Qc5 32. fxe5 Bxe5 33. Ned4 Bxd4 34. Nxd4
Qe5 35. Bg2 Qxg3 36. Qe2 Qe5 37. Qg4 a6 38. a3 Qg5+ 39. Qxg5 hxg5 40. Ne6+ Kh6
41. Nc5 Bc8 42. e5 g4 43. e6 Kg7 44. Bc6 Kf6 45. Bd7 Bxd7 46. exd7 Ke7 47. Nxa6
Kxd7 48. Nc5+ Kd6 49. Ne4+ Ke5 50. Nc5 g3 0-1

[Event "European Blitz 2017"]
[Site "Katowice POL"]
[Date "2017.12.15"]
[Round "6.57"]
[White "Skliarov, Viktor"]
[Black "Dorokhin, Mykhailo"]
[Result "1-0"]
[WhiteTitle "IM"]
[WhiteElo "2353"]
[BlackElo "2243"]
[WhiteFideId "14106736"]
[BlackFideId "14114178"]
[EventDate "2017.12.15"]
[EventType "blitz"]

1. e4 c6 2. d4 d5 3. e5 Bf5 4. Nf3 e6 5. Be2 Ne7 6. O-O Bg6 7. Nbd2 Nd7 8. Nb3
Nf5 9. a4 f6 10. a5 fxe5 11. dxe5 Be7 12. Nbd4 Nxd4 13. Nxd4 Nf8 14. a6 Qc7 15.
axb7 Qxb7 16. Bg4 Qd7 17. Ra6 Rc8 18. f4 Bc5 19. Be3 Bxd4 20. Bxd4 c5 21. Rd6
Qa4 22. Bc3 Qxc2 23. Qa1 d4 24. Be1 Be4 25. Bf2 h5 26. Bd1 Qc4 27. Qxa7 Ra8 28.
Qxg7 Rh7 29. Qf6 Bd5 30. b3 Qd3 31. Rxd5 exd5 32. Bf3 Qg6 33. Qh4 Qe6 34. f5
Qxf5 35. Bxd5 Qg4 36. Qxg4 hxg4 37. Bxa8 1-0

[Event "European Blitz 2017"]
[Site "Katowice POL"]
[Date "2017.12.15"]
[Round "6.58"]
[White "Stocek, Jiri"]
[Black "Masternak, Aleksander"]
[Result "1-0"]
[WhiteTitle "GM"]
[WhiteElo "2566"]
[BlackElo "2193"]
[WhiteFideId "304760"]
[BlackFideId "1103350"]
[EventDate "2017.12.15"]
[EventType "blitz"]

1. d4 Nf6 2. Bf4 c5 3. d5 d6 4. Nc3 Qa5 5. Qd2 b5 6. f3 g6 7. e4 a6 8. a4 Bg7 9.
Bh6 O-O 10. Bxg7 Kxg7 11. Nge2 e6 12. Nf4 b4 13. Nd1 exd5 14. exd5 Nbd7 15. Ne3
Ne5 16. h4 Re8 17. Be2 Ra7 18. O-O Rae7 19. Nc4 Nxc4 20. Bxc4 Qd8 21. Rae1 a5
22. Qf2 Rxe1 23. Rxe1 Rxe1+ 24. Qxe1 Bd7 25. Bb5 Qe8 26. Qxe8 Bxe8 27. Bxe8 Nxe8
28. Kf2 Nc7 29. Ke3 Kf6 30. Ke4 Ke7 31. g4 Ne8 32. Kd3 Nc7 33. Kc4 Kf6 34. Nd3
h5 35. gxh5 gxh5 36. Nf4 Kf5 37. Nxh5 Kg6 38. Ng3 Kf6 39. Ne4+ Ke5 40. h5 f5 41.
h6 1-0

[Event "European Blitz 2017"]
[Site "Katowice POL"]
[Date "2017.12.15"]
[Round "6.59"]
[White "Mroziak, Maciej"]
[Black "Pulpan, Jakub"]
[Result "0-1"]
[WhiteTitle "IM"]
[BlackTitle "IM"]
[WhiteElo "2397"]
[BlackElo "2400"]
[WhiteFideId "1139665"]
[BlackFideId "302759"]
[EventDate "2017.12.15"]
[EventType "blitz"]

1. e4 c5 2. c3 Nf6 3. e5 Nd5 4. d4 cxd4 5. Nf3 Nc6 6. Bc4 e6 7. cxd4 d6 8. O-O
Be7 9. Qe2 O-O 10. Re1 b6 11. Nc3 Nxc3 12. bxc3 Bb7 13. exd6 Qxd6 14. Bd3 Rac8
15. Bd2 Bf6 16. Ng5 Bxg5 17. Bxg5 Qd5 18. Qe4 Qxe4 19. Bxe4 Na5 20. Bxb7 Nxb7
21. Rac1 Na5 22. Red1 h6 23. Be7 Rfe8 24. Bb4 Nc6 25. Ba3 Red8 26. Kf1 Na5 27.
Ke2 Nc4 28. Be7 Rd5 29. Bh4 Ra5 30. Rc2 Na3 31. Rcc1 Nb5 32. c4 Rxa2+ 33. Kf1
Nd6 34. c5 Nf5 35. Bg3 Rc6 36. d5 exd5 37. Rxd5 Nxg3+ 38. hxg3 Ra5 39. Rd8+ Kh7
40. Rd7 f6 41. Re1 Rcxc5 42. Ree7 Ra1+ 43. Ke2 Re5+ 44. Rxe5 fxe5 45. Re7 Ra5
46. f4 exf4 47. gxf4 Kg6 48. Kf3 Kf6 49. Rc7 h5 50. Rc6+ Kf5 51. Rc7 Ra3+ 52.
Kf2 Kxf4 53. Rxg7 Ra2+ 54. Ke1 b5 55. Kf1 b4 56. Rh7 b3 57. Rb7 b2 58. Kg1 Ra1+ 0-1

[Event "European Blitz 2017"]
[Site "Katowice POL"]
[Date "2017.12.15"]
[Round "6.60"]
[White "Luch, Michal"]
[Black "Piotrowski, Przemyslaw"]
[Result "1-0"]
[WhiteTitle "IM"]
[WhiteElo "2398"]
[BlackElo "2314"]
[WhiteFideId "1120042"]
[BlackFideId "1127063"]
[EventDate "2017.12.15"]
[EventType "blitz"]

1. d4 Nf6 2. c4 g6 3. g3 Bg7 4. Bg2 O-O 5. Nc3 d6 6. Nf3 c5 7. d5 e6 8. dxe6
Bxe6 9. Ng5 Nc6 10. Nxe6 fxe6 11. O-O Qe7 12. Bg5 Rad8 13. Qd2 Ne5 14. b3 Nf7
15. Bf4 Rfe8 16. Rad1 d5 17. cxd5 exd5 18. Nxd5 Qxe2 19. Nxf6+ Bxf6 20. Qxe2
Rxe2 21. Bxb7 Rxa2 22. Rxd8+ Bxd8 23. Be3 Bg5 24. Bxc5 Ne5 25. Bd5+ Kg7 26. Bd4
Bf6 27. Be3 a5 28. Rc1 Bd8 29. Bd4 Bf6 30. Rc7+ Kh6 31. Be3+ g5 32. Be4 Ng6 33.
h4 a4 34. bxa4 Rxa4 35. Bc2 Ra1+ 36. Kg2 Ra5 37. h5 1-0